Lịch sử 12 Sách giáo viên

Đã lưu trong:
Sonraí Bibleagrafaíochta
Príomhúdar: Phan, Ngọc Liên
Údair Eile: Vũ, Dương Ninh
Formáid: Leabhar
Teanga:Undetermined
Foilsithe: H. Giáo dục 2008
Ábhair:
Rochtain Ar Líne:http://lrc.tdmu.edu.vn/opac/search/detail.asp?aID=2&ID=5429
Clibeanna: Cuir Clib Leis
Gan Chlibeanna, Bí ar an gcéad duine leis an taifead seo a chlibeáil!
Thư viện lưu trữ: Trung tâm Học liệu Trường Đại học Thủ Dầu Một
LEADER 00664nam a2200217Ia 4500
001 TDMU_5429
008 210410s9999 xx 000 0 und d
082 |a 900.72 
090 |b PH105 
100 |a Phan, Ngọc Liên 
245 0 |a Lịch sử 12 
245 0 |b Sách giáo viên 
245 0 |c Phan Ngọc Liên 
260 |a H. 
260 |b Giáo dục 
260 |c 2008 
300 |a 231tr 
650 |a Sách lớp 12  |v Giáo viên; Lịch sử  |x Dạy và học 
700 |a Vũ, Dương Ninh 
856 |u http://lrc.tdmu.edu.vn/opac/search/detail.asp?aID=2&ID=5429 
980 |a Trung tâm Học liệu Trường Đại học Thủ Dầu Một